Де знаходиться столиця на карті країни? - Statistics

General Stats
  • This quiz has been taken 2 times
  • The average score is 6 of 15
Answer Stats
Question Answer % Correct
Де знаходиться столиця Туреччини?
100%
Де знаходиться столиця Індії?
50%
Де знаходиться столиця Німеччини?
50%
Де знаходиться столиця Єгипту?
50%
Де знаходиться столиця Франції?
50%
Де знаходиться столиця Австралії?
50%
Де знаходиться столиця Швеції?
50%
Де знаходиться столиця Марокко?
50%
Де знаходиться столиця Великобританії?
50%
Де знаходиться столиця Канади?
50%
Де знаходиться столиця Японії?
50%
Де знаходиться столиця Сполучених Штатів?
0%
Де знаходиться столиця Бразилії?
0%
Де знаходиться столиця Китаю?
0%
Де знаходиться столиця Іспанії?
0%
No matching quizzes found
Score Distribution
Percent of People with Each Score
Percentile by Number Answered
Your Score History
You have not taken this quiz